| 000 -LEADER |
| fixed length control field |
02088cam a2200397 a 4500 |
| 005 - DATE AND TIME OF LATEST TRANSACTION |
| control field |
20171002033943.0 |
| 008 - FIXED-LENGTH DATA ELEMENTS--GENERAL INFORMATION |
| fixed length control field |
080805s2009 nyu b 001 0 eng |
| 020 ## - IDENTIFIER FOR THE MANIFESTATION |
| Identifier for the Manifestation |
9780816077427 |
| Binding |
paperback |
| 040 ## - CATALOGING SOURCE |
| Transcribing Agency |
APEC Schools Library |
| Language of Cataloging |
eng |
| Description Conventions |
rda |
| 082 00 - DEWEY DECIMAL CLASSIFICATION NUMBER |
| Classification number |
C 616.97 |
| Author's Number |
Eh89l 2009 |
| 100 1# - CREATOR |
| Preferred Name of the Person |
Ehrlich, Paul M. |
| 245 10 - TITLE AND STATEMENT OF RESPONSIBILITY |
| Preferred Title Proper |
Living with allergies / |
| Statement of Responsibility/Parallel Statement of Responsibility |
Paul M. Ehrlich. |
| 264 ## - PUBLICATION STATEMENT |
| Place of publication, distribution, etc |
New York, NY : |
| Publisher's Name/Parallel Publisher's Name |
Facts on File, |
| Copyright |
©2009. |
| Date of Publication |
[2009] |
| 300 ## - PHYSICAL DESCRIPTION |
| Extent |
168 pages ; |
| Dimensions |
24 cm |
| 336 ## - RDA CONTENT |
| Source |
rdacontent |
| Content Type |
text |
| 337 ## - RDA MEDIA |
| Source |
rdamedia |
| Media Type |
unmediated |
| 338 ## - RDA CARRIER |
| Source |
rdacarrier |
| Carrier Type |
volume |
| 490 1# - SERIES STATEMENT |
| Title Proper of Series |
Teen's guides |
| 504 ## - BIBLIOGRAPHY, ETC. NOTE |
| Bibliography, etc |
Includes bibliographical references and index. |
| 505 0# - CONTENTS |
| Related Work = Contents |
What are allergies? -- Is it really an allergy? getting a diagnosis -- Allergy triggers -- Fighting back: allergy medications -- Prevention: staving off an allergy attack -- Allergies at school -- Allergies and your social life -- It's in what your eat: food allergies -- Managing allergies into the future -- Helping friends and family cope with allergies -- Paying for care. |
| 520 ## - SUMMARIZATION OF THE CONTENT |
| Summarization of the Content |
Explores the causes, treatment, and implications of living with allergies. |
| 650 #0 - ADDED SUBJECT ACCESS POINT - TOPICAL TERM |
| Topical Term |
Allergy |
| Form Subdivision |
Juvenile literature. |
| 650 #1 - ADDED SUBJECT ACCESS POINT - TOPICAL TERM |
| Topical Term |
Allergy. |
| 700 1# - ADDED AUTHORIZED ACCESS POINT - PERSONAL NAME |
| Preferred Name of the Person |
Bowers, Elizabeth Shimer. |
| 830 #0 - SERIES ADDED ENTRY--UNIFORM TITLE |
| Uniform title |
Teen's guides. |
| 856 41 - ELECTRONIC LOCATION AND ACCESS |
| Materials specified |
Table of contents only |
| Uniform Resource Identifier |
http://www.loc.gov/catdir/toc/ecip0826/2008034352.html |
| 942 ## - ADDED ENTRY ELEMENTS (KOHA) |
| Source of Classification |
|
| Koha Item Type |
Books |